000 00672cam a22002173a 4500
001 35061
003 PGUSA
005 20140828083745.0
008 110124s2011||||xxu|||||s|||||000 | eng d
040 _aPGUSA
_beng
042 _adc
100 1 _aMoulin, Louis Eugène du
245 1 0 _aTwo Years on Trek :
_bBeing Some Account of the Royal Sussex Regiment in South Africa
_h[electronic resource] /
_cLouis Eugène du Moulin
260 _bProject Gutenberg,
_c2011
506 _aPublic domain in the USA.
516 _aElectronic text
700 1 _aBidder, H. F.
830 0 _aProject Gutenberg
_v35061
856 4 0 _uhttp://www.gutenberg.org/ebooks/35061
942 _cEB
999 _c264316
_d264316